| 000 | nam a22 7a 4500 | ||
|---|---|---|---|
| 999 |
_c129438 _d129438 |
||
| 008 | 190424b xxu||||| |||| 00| 0 eng d | ||
| 020 | _a0-947470-22-0 | ||
| 050 | _aBL1210.S627 | ||
| 100 |
_aJivananda, Swami _945928 |
||
| 245 |
_aGod is my friend _c/ by Swami Sivananda |
||
| 260 |
_aDurban: _bDevine life of South Africa, _c1992. |
||
| 300 |
_ap. ; _c21cm. |
||
| 700 |
_eSahajananda ,Swami, ed. _945929 |
||
| 942 |
_2lcc _cMONOGRAPH |
||